<?xml version="1.0" encoding="UTF-8"?>
<record
    xmlns:xsi="http://www.w3.org/2001/XMLSchema-instance"
    xsi:schemaLocation="http://www.loc.gov/MARC21/slim http://www.loc.gov/standards/marcxml/schema/MARC21slim.xsd"
    xmlns="http://www.loc.gov/MARC21/slim">

  <leader>01966nam a22001457a 4500</leader>
  <datafield tag="999" ind1=" " ind2=" ">
    <subfield code="c">531456</subfield>
    <subfield code="d">531456</subfield>
  </datafield>
  <controlfield tag="008">250904b           ||||| |||| 00| 0 eng d</controlfield>
  <datafield tag="100" ind1=" " ind2=" ">
    <subfield code="a">Yadav, Vikas</subfield>
    <subfield code="9">56626</subfield>
  </datafield>
  <datafield tag="245" ind1=" " ind2=" ">
    <subfield code="a">Leap across the meghna river: A tactical manoeuvre leading to Strategic Victory in Indo- Pak war 1971 </subfield>
  </datafield>
  <datafield tag="260" ind1=" " ind2=" ">
    <subfield code="a">USI Journal</subfield>
  </datafield>
  <datafield tag="300" ind1=" " ind2=" ">
    <subfield code="a">155(640), Apr-Jun, 2025: p.350-363</subfield>
  </datafield>
  <datafield tag="520" ind1=" " ind2=" ">
    <subfield code="a">The Indo- Pak war of 1971 stands out as a rare instance in India's history when the nation took the military initiative and achieved resounding success. The Campaign was characterised by clear political objectives for the armed forces, exceptional joint planning at strategic, operational, and tactical levels, and exemplary tri-service coordination. The swift tri-service operation, often referred to as a 'Blitzkrieg', saw the Indian Air Force(IAS) play a crucial role and has been regarded as the fastest land advance since the North Africa campaign of World War II. The strategy focused on conducting a defensive war in the West while pursuing a decisive offensive in the East, culminating in a creative and innovative approach. A key early success was the IAF's achievement of air dominance over East Pakistan, securing control of the skies in just two days. Among the pivotal operations, the heliborne crossing on 09 Dec 1971, where the 110 and 105 Helicopter Units of the IAF airlifted troops of the 57 Mountain Division across the Meghna River, stands out as turning point in the Bangladesh Liberation War. The exceptional skill, professionalism, and bravery of the pilots and airmen were instrumental in transforming the dream of capturing Dhaka into reality. This essay critically analyses a significant tactical airlift manoeuvre that played a vital role in destabilising the enemy's centre of gravity, and eventually defeat of Pakistan in the Eastern Sector.</subfield>
  </datafield>
  <datafield tag="650" ind1=" " ind2=" ">
    <subfield code="a">Armed Force, IAF, World War II, Indo-Pak War 1971, Air Operation</subfield>
    <subfield code="9">56627</subfield>
  </datafield>
  <datafield tag="773" ind1=" " ind2=" ">
    <subfield code="a">USI Journal</subfield>
  </datafield>
  <datafield tag="942" ind1=" " ind2=" ">
    <subfield code="c">AR</subfield>
  </datafield>
  <datafield tag="952" ind1=" " ind2=" ">
    <subfield code="0">0</subfield>
    <subfield code="1">0</subfield>
    <subfield code="2">ddc</subfield>
    <subfield code="4">0</subfield>
    <subfield code="7">0</subfield>
    <subfield code="9">406654</subfield>
    <subfield code="a">IIPA</subfield>
    <subfield code="b">IIPA</subfield>
    <subfield code="d">2025-09-04</subfield>
    <subfield code="p">AR137155</subfield>
    <subfield code="r">2025-09-04</subfield>
    <subfield code="y">AR</subfield>
  </datafield>
</record>
